Revenue supplement to the ... budget address /

Saved in:
Bibliographic Details
Corporate Author: Fiji. Ministry of Finance.
Format: Serial
Language:English
Published: [Suva?, Fiji] : Ministry of Finance
Subjects:
Tags: Add Tag
No Tags, Be the first to tag this record!
LEADER 01219cas a2200373 a 4500
001 007729343-6
005 20170908144319.0
008 980611d19uuuuuufj ar 0 0eng c
010 |a sn 98031985  
035 0 |a ocm39272034 
040 |a HLS  |b eng  |c HLS  |d SYS  |d OCLCQ  |d HLS  |d OCLCF  |d OCLCO  |d OCLCA  |d HUL 
042 |a pcc 
043 |a pofj--- 
050 1 4 |a HJ99.3.A3  |b M45 
245 0 0 |a Revenue supplement to the ... budget address /  |c Ministry of Finance. 
260 |a [Suva?, Fiji] :  |b Ministry of Finance 
310 |a Annual 
336 |a text  |b txt  |2 rdacontent 
337 |a unmediated  |b n  |2 rdamedia 
338 |a volume  |b nc  |2 rdacarrier 
588 |a Description based on: 1998; title from title page. 
588 |a Latest issue consulted: 1998. 
651 0 |a Fiji  |x Appropriations and expenditures  |v Periodicals. 
650 0 |a Budget  |z Fiji  |v Periodicals. 
650 7 |a Budget.  |2 fast  |0 (OCoLC)fst00840336 
650 7 |a Expenditures, Public.  |2 fast  |0 (OCoLC)fst00918345 
651 7 |a Fiji.  |2 fast  |0 (OCoLC)fst01208479 
655 7 |a Periodicals.  |2 fast  |0 (OCoLC)fst01411641 
710 1 |a Fiji.  |b Ministry of Finance. 
899 |a 415_565155 
899 |a 415_565155 
988 |a 20020608 
049 |a HULL 
906 |0 MH